00549nam a2200205Ia 450000500170000000800410001702000150005808200130007310000180008624500220010426000440012630000130017065000100018365000110019365000080020465000150021294200060022795200950023399900150032820241104005053.0240331s9999 xx 000 0 und d a0440156637 bFRIa823 aFriday, Nancy 0aMy mother my self aNew YorkbDell Publishing Co. INCc1977 a475 P ., aWomen aGender asex aparenthood cL 001040708LaWERCLbWERCLcSSCd2024-03-31l0o 823 FRIp6852r2024-03-31w2024-03-31yL c5862d5862